Eye-Tracking, In-Depth Interview a Focus Group prokazujú schopnost generace Y vnímat produkt placement
Definícia pojmu "Product Placement", jeho špecifických foriem- "Destination Placement", "Celebrity Placement" a riešenie otázky, kde môže byť umiestnený. Prezentácia kategorizácie nástroja komunikačného mixu. V závere tabuľka, ktorá sumarizuje každú prezentovanú kategóriu.
Gespeichert in:
| 1. Verfasser: | |
|---|---|
| Format: | Buchkapitel |
| Sprache: | Tschechisch |
| Schlagworte: | |
| Tags: |
Keine Tags, Fügen Sie das erste Tag hinzu!
|
MARC
| LEADER | 00000nla a2200000 4500 | ||
|---|---|---|---|
| 001 | 0241807 | ||
| 005 | 20240417075134.9 | ||
| 041 | 0 | |a cze | |
| 044 | |a CZ | ||
| 245 | 1 | 0 | |a Eye-Tracking, In-Depth Interview a Focus Group prokazujú schopnost generace Y vnímat produkt placement |c Pavel Mlnářík |
| 520 | |a Definícia pojmu "Product Placement", jeho špecifických foriem- "Destination Placement", "Celebrity Placement" a riešenie otázky, kde môže byť umiestnený. Prezentácia kategorizácie nástroja komunikačného mixu. V závere tabuľka, ktorá sumarizuje každú prezentovanú kategóriu. | ||
| 610 | 2 | 0 | |a produkty |
| 610 | 2 | 0 | |a generácie |
| 610 | 2 | 0 | |a reklama |
| 610 | 2 | 0 | |a médiá sociálne |
| 610 | 2 | 0 | |a komunikácia masmediálna |
| 610 | 2 | 0 | |a komunikácia elektronická |
| 100 | 1 | |a Mlnářík, Pavel | |